| 000 | 00809cab a22002055a 4500 | ||
|---|---|---|---|
| 001 | L143096 | ||
| 008 | 071011e20080404xxkao f 000 0 eng d | ||
| 035 | _a(Sirsi) u143096 | ||
| 041 | 0 | _aeng | |
| 100 | 1 | _aHeap, Richard | |
| 245 | 0 | 0 |
_aRegional report _bHampshire, Dorset and Wiltshire |
| 260 | _c2008 | ||
| 490 | 0 |
_aProperty Week _v73(14) 4 April 2008, 81-91(7) |
|
| 520 | _aReports on the market and deals from around the region. Reports on Portsmouth FC stadium plans past and present; opposition to the proposed Tesco mega-shed at Andover; town centre development plans in Bournemouth; the forthcoming Ikea store in Southampton. | ||
| 590 | _aKA | ||
| 651 | 4 | _aHampshire | |
| 651 | 4 |
_aSouth West (England) _y1994- |
|
| 690 | _aPROPERTY-COMMERCIAL PROPERTY-COMMERCIAL PROPERTY MARKET | ||
| 942 | _n0 | ||
| 999 |
_c80059 _d80059 |
||